AIDS and Neurology (Record no. 1021)

MARC details
000 -LEADER
fixed length control field 00990pam a2200289 a 4500
001 - CONTROL NUMBER
control field 2068279
003 - CONTROL NUMBER IDENTIFIER
control field OSt
005 - DATE AND TIME OF LATEST TRANSACTION
control field 20191106140842.0
008 - FIXED-LENGTH DATA ELEMENTS--GENERAL INFORMATION
fixed length control field 940324s1995 stka b 001 0 eng c
010 ## - LIBRARY OF CONGRESS CONTROL NUMBER
LC control number 94014559
020 ## - INTERNATIONAL STANDARD BOOK NUMBER
International Standard Book Number 0443048967
040 ## - CATALOGING SOURCE
Original cataloging agency DNLM/DLC
Transcribing agency DLC
Modifying agency DLC
050 00 - LIBRARY OF CONGRESS CALL NUMBER
Classification number RC359.5
Item number .H37 1995
060 10 - NATIONAL LIBRARY OF MEDICINE CALL NUMBER
Classification number WD 308 1994
082 00 - DEWEY DECIMAL CLASSIFICATION NUMBER
Classification number WL 141 H245a 1995
Edition number 20
100 1# - MAIN ENTRY--PERSONAL NAME
Personal name Harrison, M. J. G.; McArthur, Justin C.
9 (RLIN) 2744
245 10 - TITLE STATEMENT
Title AIDS and Neurology
260 ## - PUBLICATION, DISTRIBUTION, ETC. (IMPRINT)
Place of publication, distribution, etc. Edinburgh ;
Name of publisher, distributor, etc. Churchill Livingstone,
Date of publication, distribution, etc. 1995.
300 ## - PHYSICAL DESCRIPTION
Extent viii, 262 p. :
Other physical details ill. (some col.) ;
Dimensions 26 cm.
440 #0 - SERIES STATEMENT/ADDED ENTRY--TITLE
Title Clinical neurology and neurosurgery monographs
9 (RLIN) 2745
504 ## - BIBLIOGRAPHY, ETC. NOTE
Bibliography, etc Includes bibliographical references and index.
650 #0 - SUBJECT ADDED ENTRY--TOPICAL TERM
Topical term or geographic name as entry element Nervous system
9 (RLIN) 2746
650 #0 - SUBJECT ADDED ENTRY--TOPICAL TERM
Topical term or geographic name as entry element AIDS/HIV
9 (RLIN) 2747
906 ## - LOCAL DATA ELEMENT F, LDF (RLIN)
a 7
b cbc
c orignew
d 1
e ocip
f 19
g y-gencatlg
942 ## - ADDED ENTRY ELEMENTS (KOHA)
Source of classification or shelving scheme Other/Generic Classification Scheme
Koha item type Short Loan
Holdings
Withdrawn status Lost status Source of classification or shelving scheme Damaged status Not for loan Home library Current library Date acquired Source of acquisition Inventory number Total Checkouts Full call number Barcode Date last seen Price effective from Koha item type
    Other/Generic Classification Scheme     MUST Main Library MUST Main Library 09/02/2015   1995/7717   WL 141 H245a 1995 2015-0276 09/02/2015 09/02/2015 Short Loan